000 00805nam a2200241 a 4500
001 BRCA_6466
005 20190320205450.0
008 240911s1960----nyua######---#000-0#eng-#
041 _aeng
044 _anyu
050 4 _aNK4660
_b.F76 1960
100 1 _aFrothingham, Alice Wilson
_916142
245 1 0 _aThe count of Aranda
_bportraits in Alcora ceramics
_cAlice Wilson Frothingham
260 _aNueva York
_bThe Hispanic Society of America
_c1960
300 _a[13] p.
_bil., 1 lámina a color
_c31 cm.
500 _aReimpreso de ´The Connoisseur Year Book´, 1960, pp. 32-45.
500 _aM68
650 1 4 _aAranda, Pedro Pablo Abarca de Bolea, conde de
_y1356-1441
_916143
650 1 4 _aCerámica
_zAlcora, España
_97257
650 1 4 _aCerámica
_zEspaña
_916144
902 _aGFM
942 _2lcc
_cB
999 _c6150
_d6150